[Event "1/16 Finale"]
[Site "www.chess-mail.com"]
[Date "2018.01.27"]
[Round "1"]
[White "Senitram"]
[Black "Stepanpech"]
[WhiteElo "2620"]
[BlackElo "2530"]
[Result "0-1"]
[Round "1"]
1.Ng1f3 Ng8f6
2.d4 g6
3.c4 Bf8g7
4.Nb1c3 O-O
5.e4 d6
6.Bf1e2 e5
7.dxe5 dxe5
8.O-O Nb8c6
9.Bc1g5 Qd8xd1
10.Rf1xd1 Bc8g4
11.h3 Bg4xf3
12.Be2xf3 Nc6d4
13.Nc3b5 Nd4xf3
14.gxf3 c6
15.Nb5d6 b6
16.Ra1c1 Rf8b8
17.Bg5e3 Nf6h5
18.c5 b5
19.Rc1c2 Nh5f4
20.h4 h5
21.Kh2 Nf4e6
22.Kg2 a5
23.Kg3 a4
24.Kg2 Ra8a7
25.Rc2d2 Ne6f4
26.Kg3 Bg7h6
27.Rd2c2 Kh7
28.Be3xf4 Bh6xf4
29.Kh3 Kg7
30.Rc2c3 Ra7a8
31.Rc3d3 Kf6
32.Nd6xf7 Kxf7
33.Rd3d7 Ke8
34.Rd7h7 Rb8d8
35.Rd1g1 g5
36.hxg5 Kf8
37.Rh7xh5 Ke7
38.Kg4 Rd8h8
39.Rg1h1 Rh8xh5
40.Rh1xh5 Ra8g8
41.Kf5 Rg8f8
42.Kg4 Rf8f7
43.g6 Rf7f8
44.b3 axb3
45.axb3 b4
46.Rh5h7 Kf6
47.Kh5 Bf4c1
48.Rh7c7 Rf8h8
49.Kg4 Kxg6
50.Rc7xc6 Kf7
51.Rc6b6 Rh8g8
52.Kh3 Rg8c8
53.Rb6b5 Bc1f4
54.Kg4 Ke6
55.Kh3 Kd7
56.Rb5xb4 Rc8xc5
57.Kg2 Rc5c3
58.Rb4b8 Kd6
59.Rb8b7 Kc6
60.Rb7b8 Rc3c1
61.Rb8c8 Kd6
62.Rc8b8 Kc7
63.Rb8b5 Kc6
64.Rb5b8 Rc1b1
65.Rb8b4 Kc5
66.Rb4b7 Rb1a1
67.Rb7b8 Kd4
68.Rb8d8 Kc3
69.b4 Kxb4
70.Rd8d7 Kc3
71.Rd7d5 Ra1b1
72.Rd5d8 Kc2
73.Rd8d6 Rb1d1
74.Rd6d5 Rd1d3
75.Kf1 Rd3xd5
{ resign }
0-1

[Event "Tourn. n9668"]
[Site "www.chess-mail.com"]
[Date "2018.01.28"]
[Round "1"]
[White "Attatroll"]
[Black "Nulladies"]
[WhiteElo "1960"]
[BlackElo "1890"]
[Result "1-0"]
[Round "1"]
1.d4 Ng8f6
2.c4 e6
3.Nb1c3 Bf8b4
4.e3 c5
5.Ng1e2 b6
6.a3 Bb4xc3
7.bxc3 Bc8b7
8.f3 Nb8c6
9.Bc1b2 Nc6a5
10.Ne2f4 Bb7a6
11.Qd1a4 O-O
12.Bf1d3 Qd8e7
13.O-O Ba6b7
14.Ra1e1 Bb7c6
15.Qa4c2 d5
16.cxd5 exd5
17.Kh1 c4
18.Bd3e2 Qe7xe3
19.Bb2c1 Qe3e7
20.Be2xc4 Qe7d7
21.Bc4d3 Rf8e8
22.Bd3f5 Qd7d6
23.Nf4h3 Bc6b5
24.Bf5d3  { time }
1-0

[Event "Tourn. n9676"]
[Site "www.chess-mail.com"]
[Date "2018.01.28"]
[Round "1"]
[White "Julian"]
[Black "Jjmcbride"]
[WhiteElo "1720"]
[BlackElo "1630"]
[Result "0-1"]
[Round "1"]
1.d4 d5
2.c4 dxc4
3.e4 e5
4.d5 c6
5.Bf1xc4 b5
6.Bc4b3 b4
7.Ng1e2 Ng8f6
8.f3 Bf8c5
9.Bc1g5 Qd8b6
10.dxc6 Bc5f2
11.Kf1 O-O
12.Nb1d2 Nb8xc6
13.Nd2c4 Qb6c5
14.Bg5xf6 gxf6
15.Qd1d5 Rf8d8
16.Qd5xc5 Bf2xc5
17.g3 Bc8h3
18.Ke1 Bh3g2
{ resign }
0-1

[Event "Tourn. n9681"]
[Site "www.chess-mail.com"]
[Date "2018.01.28"]
[Round "1"]
[White "Osopanda"]
[Black "Nulladies"]
[WhiteElo "1780"]
[BlackElo "1900"]
[Result "1-0"]
[Round "1"]
1.e4 c5
2.Ng1f3 g6
3.c3 Nb8c6
4.d4 cxd4
5.cxd4 Bf8g7
6.Nb1c3 a6
7.Bc1e3 Ng8f6
8.d5 Nc6a7
9.Bf1c4 Qd8c7
10.Bc4b3 O-O
11.O-O d6
12.Ra1c1 Qc7d7
13.e5 Nf6g4
14.e6 fxe6
15.dxe6  { time }
1-0

[Event "Tourn. n9688"]
[Site "www.chess-mail.com"]
[Date "2018.01.28"]
[Round "1"]
[White "Aniruddhadg"]
[Black "Jazzy"]
[WhiteElo "2360"]
[BlackElo "2260"]
[Result "1/2-1/2"]
[Round "1"]
1.d4 Ng8f6
2.Bc1g5 d5
3.e3 e6
4.Nb1d2 Bf8e7
5.Bf1d3 O-O
6.Ng1f3 b6
7.Nf3e5 Bc8a6
8.O-O Ba6xd3
9.cxd3 Nf6d7
10.Bg5xe7 Qd8xe7
11.Ne5xd7 Nb8xd7
12.Ra1c1 c5
13.dxc5 Nd7xc5
14.Nd2f3 { draw }
1/2-1/2

[Event "Tourn. n9699"]
[Site "www.chess-mail.com"]
[Date "2018.01.28"]
[Round "1"]
[White "Pachi"]
[Black "Iko"]
[WhiteElo "1620"]
[BlackElo "1640"]
[Result "0-1"]
[Round "1"]
1.e4 e5
2.Ng1f3 Nb8c6
3.Bf1b5 Qd8f6
4.Bb5xc6 dxc6
5.O-O Bf8d6
6.d3 Bc8g4
7.c3 Qf6g6
8.g3 Qg6h5
9.Nb1d2 O-O-O
10.b4 Bd6e7
11.a3 Rd8xd3
12.Qd1e2 Rd3xc3
13.Bc1b2 Bg4xf3
14.Nd2xf3 Rc3xf3
15.Qe2d2 Be7g5
16.Qd2d1 f6
17.Qd1a4 Ng8h6
18.Qa4xa7 Nh6g4
19.Qa7a8 Kd7
20.Rf1d1 Ke6
21.Qa8xh8 Qh5xh2
22.Kf1 Qh2xf2
{ resign }
0-1

[Event "Tourn. n9688"]
[Site "www.chess-mail.com"]
[Date "2018.01.28"]
[Round "1"]
[White "Aniruddhadg"]
[Black "Apdash"]
[WhiteElo "2360"]
[BlackElo "2250"]
[Result "1-0"]
[Round "1"]
1.d4 d5
2.c4 c6
3.Ng1f3 e6
4.e3 Ng8f6
5.Bf1d3 dxc4
6.Bd3xc4 b5
7.Bc4d3 Bf8e7
8.Nb1c3 Bc8b7
9.O-O O-O
10.e4 b4
11.Nc3a4 a5
12.Qd1c2 Bb7a6
13.Bd3xa6 Ra8xa6
14.Bc1e3 Nb8d7
15.Ra1c1 Qd8a8
16.Rf1d1 Nf6g4
17.Be3f4 Ng4f6
18.Nf3e5 Nd7xe5
19.dxe5 Nf6h5
20.Bf4e3 g6
21.Rd1d7 Rf8e8
22.Na4b6 Qa8b8
23.Qc2xc6 Be7d8
24.Rd7b7 { resign }
1-0

[Event "Tourn. n9656"]
[Site "www.chess-mail.com"]
[Date "2018.01.28"]
[Round "1"]
[White "Picifarkinca"]
[Black "Hansen"]
[WhiteElo "1650"]
[BlackElo "1530"]
[Result "1-0"]
[Round "1"]
1.d4 c6
2.e4 h6
3.c4 Ng8f6
4.Nb1c3 g5
5.e5 Nf6h7
6.Qd1h5 e6
7.Bf1d3 Bf8b4
8.Qh5xh6 c5
9.d5 exd5
10.cxd5 Qd8e7
11.Ng1e2 f6
12.exf6 Qe7f7
13.Qh6g7 Qf7xf6
14.Qg7xf6 Nh7xf6
15.O-O a6
16.Bc1xg5 Nf6h5
17.Bd3g6 Kf8
18.Nc3e4 Rh8g8
19.Bg6xh5 c4
20.Ne2d4 d6
21.Nd4e6 Bc8xe6
22.dxe6 d5
23.Bg5h6 Rg8g7
24.Bh6xg7 Kxg7
25.Ne4g3 Nb8c6
26.Bh5f3 Ra8e8
27.Bf3xd5 Nc6d4
28.Bd5xc4 b5
29.Bc4d5 Re8e7
30.Ra1d1 Nd4c2
31.Ng3f5 Kf6
32.Nf5xe7 Kxe7
33.Bd5b3 { resign }
1-0

[Event "Tourn. n9670"]
[Site "www.chess-mail.com"]
[Date "2018.01.28"]
[Round "1"]
[White "Stepanpech"]
[Black "Apdash"]
[WhiteElo "2400"]
[BlackElo "2310"]
[Result "1-0"]
[Round "1"]
1.e4 e5
2.Ng1f3 Nb8c6
3.Bf1b5 Ng8e7
4.O-O d6
5.Bb5c4 Bc8g4
6.Bc4xf7 Kd7
7.h3 Bg4e6
8.Bf7xe6 Kxe6
9.Nf3g5 Kf6
10.Qd1f3 Kxg5
11.h4 Kg6
12.h5 Kh6
13.d3 g5
14.Qf3f6 { resign }
1-0

[Event "Tourn. n9639"]
[Site "www.chess-mail.com"]
[Date "2018.01.28"]
[Round "1"]
[White "Hansen"]
[Black "Redapond1"]
[WhiteElo "1520"]
[BlackElo "1660"]
[Result "0-1"]
[Round "1"]
1.e4 e5
2.a3 Bf8c5
3.Nb1c3 Ng8f6
4.b4 Bc5d4
5.Bc1b2 Nf6xe4
6.Nc3xe4 O-O
7.Bb2xd4 exd4
8.Ng1f3 Nb8c6
9.h4 d5
10.Ne4g5 h6
11.Bf1b5 hxg5
12.hxg5 Rf8e8
13.Kf1 Bc8d7
14.g6 fxg6
15.c4 dxc4
16.Bb5xc4 Bd7e6
17.Bc4d3 Be6f5
18.Qd1b3 Bf5e6
19.Qb3c2 a6
20.Bd3xg6 Be6f7
21.Bg6h7 Kf8
22.Qc2c5 Qd8e7
23.Qc5f5 Qe7f6
24.Qf5d7 Re8e7
25.Qd7g4 Nc6e5
26.Qg4xd4 Ne5xf3
27.Qd4xf6 Nf3xd2
28.Kg1 gxf6
29.Bh7f5 Kg8
30.Ra1d1 Ra8d8
31.a4 Nd2f3
32.gxf3 Rd8xd1
33.Kh2 Rd1xh1
34.Kxh1 Bf7b3
35.Kg2 Bb3xa4
36.Kg3 Re7e5
37.Bf5d3 Kf7
38.Kf4 Ke6
39.Bd3c4 Kd6
40.Kg4 b5
41.Bc4f7 Re5e2
42.Kf4 Re2xf2
43.Bf7h5 Rf2b2
44.Kf5 Rb2xb4
45.Kxf6 Rb4f4
46.Kg7 b4
{ resign }
0-1

[Event "Tourn. n9678"]
[Site "www.chess-mail.com"]
[Date "2018.01.28"]
[Round "1"]
[White "Jjmcbride"]
[Black "Julian"]
[WhiteElo "1630"]
[BlackElo "1720"]
[Result "1-0"]
[Round "1"]
1.d3 e5
2.e4 Ng8f6
3.g4 d5
4.g5 Nf6g8
5.Bf1g2 c6
6.Qd1e2 Bf8e7
7.exd5 Qd8xd5
8.Bg2xd5 cxd5
9.Qe2xe5 f6
10.gxf6 Ng8xf6
11.Nb1c3 Nb8c6
12.Qe5g3 O-O
13.Bc1h6 Rf8f7
14.O-O-O d4
15.Nc3b5 a6
16.Nb5c7 Ra8a7
17.Rd1e1 Nf6h5
18.Qg3g2 Be7d6
19.Re1e8 Rf7f8
20.Qg2d5 { resign }
1-0

[Event "Tourn. n9710"]
[Site "www.chess-mail.com"]
[Date "2018.01.28"]
[Round "1"]
[White "Caroluigi"]
[Black "Begory"]
[WhiteElo "1400"]
[BlackElo "1630"]
[Result "1-0"]
[Round "1"]
1.e4 e5
2.Ng1f3 Nb8c6
3.Bf1c4 h6
4.Nb1c3 Ng8f6
5.d3 Bf8c5
6.O-O O-O
7.a3 d6
8.b4 Bc5b6
9.Nc3a4 Bc8d7
10.Na4xb6 axb6
11.Bc1b2 Bd7g4
12.h3 Bg4xf3
13.Qd1xf3 Nc6d4
14.Qf3d1 d5
15.exd5 Nf6xd5
16.Rf1e1 c6
17.Re1xe5 Nd5f6
18.c3 Nd4b5
19.Bc4xb5 cxb5
20.Re5xb5 Qd8d6
21.Qd1f3 Ra8b8
22.c4 Qd6c6
23.Qf3e3 Nf6d7
24.Qe3g3 Rf8e8
25.Qg3xg7 
1-0

[Event "Tourn. n9666"]
[Site "www.chess-mail.com"]
[Date "2018.01.28"]
[Round "1"]
[White "Picifarkinca"]
[Black "Hansen"]
[WhiteElo "1650"]
[BlackElo "1520"]
[Result "1-0"]
[Round "1"]
1.d4 e6
2.e3 a6
3.c4 Bf8b4
4.Nb1c3 Ng8f6
5.Bf1d3 b6
6.Qd1f3 c6
7.Ng1e2 Bc8b7
8.e4 c5
9.d5 h6
10.O-O g5
11.d6 g4
12.Qf3f4 Nb8c6
13.a3 Nf6h5
14.Qf4xg4 Nh5f6
15.Qg4h4 Nc6e5
16.Bd3b1 Ne5xc4
17.axb4 cxb4
18.Nc3d1 Nc4xd6
19.e5 Rh8g8
20.Nd1e3 Bb7f3
21.Ne2g3 Bf3c6
22.exd6 Bc6b5
23.Rf1d1 Qd8c8
24.Qh4xf6 Kf8
25.Ne3f5 exf5
26.Bc1xh6 Rg8g7
27.Qf6xg7 { resign }
1-0

[Event "Tourn. n9600"]
[Site "www.chess-mail.com"]
[Date "2018.01.28"]
[Round "1"]
[White "Coolant"]
[Black "Tartan"]
[WhiteElo "2360"]
[BlackElo "2580"]
[Result "0-1"]
[Round "1"]
1.Nb1c3 e5
2.Ng1f3 Nb8c6
3.e4 Ng8f6
4.Bf1b5 Nc6d4
5.Bb5c4 Nd4xf3
6.Qd1xf3 d6
7.d3 Bf8e7
8.Bc1g5 c6
9.a4 O-O
10.O-O Bc8g4
11.Qf3g3 Bg4d7
12.Bg5h6 Nf6h5
13.Qg3f3 Be7g5
14.Qf3xh5 Bg5xh6
15.Ra1a3 a5
16.Ra3b3 Ra8b8
17.Rf1d1 Qd8f6
18.Rb3b6 Bh6g5
19.b4 Qf6f4
20.g3 Qf4g4
21.Qh5xg4 Bd7xg4
22.Rd1b1 Bg5d8
23.bxa5 Bd8xb6
24.Rb1xb6 Rf8c8
25.Kg2 Kf8
26.f3 Bg4e6
27.Bc4xe6 fxe6
28.Kf2 Rb8a8
29.Rb6xb7 Ra8xa5
30.Ke3 Ra5c5
31.Kd2 Rc5a5
32.f4 exf4
33.gxf4 Ra5h5
34.Rb7d7 Rh5xh2
35.Nc3e2 d5
36.f5 exf5
37.e5 Rc8a8
38.e6 Ra8e8
39.Rd7f7 Kg8
40.Rf7xf5 Re8xe6
{ resign }
0-1

[Event "Match"]
[Site "www.echecsemail.com"]
[Date "2018.01.28"]
[Round "1"]
[White "Sahpat"]
[Black "Joaodelisboa"]
[WhiteElo "1809"]
[BlackElo "2140"]
[Result "0-1"]
[Round "1"]
1.e4 c5
2.Ng1f3 e6
3.d4 cxd4
4.Nf3xd4 Ng8f6
5.Nb1c3 Nb8c6
6.Bc1g5 d6
7.f4 Bf8e7
8.Qd1f3 Nc6xd4
 { time }
0-1

[Event "Match"]
[Site "www.echecsemail.com"]
[Date "2018.01.28"]
[Round "1"]
[White "Iko"]
[Black "Azocarfreund"]
[WhiteElo "1640"]
[BlackElo "1770"]
[Result "0-1"]
[Round "1"]
1.e4 e5
2.Ng1f3 Nb8c6
3.Bf1b5 Nc6d4
4.Nf3xd4 exd4
5.c4 dxc3
6.Nb1xc3 Ng8f6
7.O-O Bf8b4
8.e5 Nf6g8
9.a3 Bb4xc3
10.bxc3 c6
11.Bb5d3 f6
12.Qd1h5 Kf8
13.Bd3c4 g6
14.Qh5f3 f5
15.g4 d5
16.exd6 Qd8xd6
17.Bc4xg8 Rh8xg8
18.d4 Bc8e6
19.a4 Be6d5
20.Bc1h6 Kf7
21.Qf3h3 Qd6e6
22.a5 Qe6e4
23.Rf1e1 Qe4h1

0-1

[Event "Match"]
[Site "www.echecsemail.com"]
[Date "2018.01.28"]
[Round "1"]
[White "Micheles"]
[Black "Aniruddhadg"]
[WhiteElo "2580"]
[BlackElo "1809"]
[Result "1-0"]
[Round "1"]
1.d4 Ng8f6
2.Ng1f3 e6
3.Bc1g5 c5
4.e3 Qd8b6
5.Qd1c1 Nb8c6
6.c3 d5
7.Nb1d2 cxd4
8.exd4 e5
9.dxe5 Nf6g4
10.Nf3d4 h6
11.Bg5e3 Ng4xe3
12.fxe3 Nc6xe5
13.Bf1b5 Ne5c6
14.c4 Bf8c5
15.cxd5 Bc5xd4
16.Nd2c4 Qb6c5
17.dxc6 O-O
18.cxb7 Bc8xb7
19.exd4 Qc5xb5
20.O-O Qb5d5
21.Nc4e3 Qd5xd4
22.Rf1f2 Ra8d8
23.Ne3f5 Qd4e5
24.Qc1c4 Bb7c8
25.Ra1f1 Rd8d7
26.Rf2e2 Qe5a5
27.Nf5e7 { resign }
1-0

[Event "Match"]
[Site "www.echecsemail.com"]
[Date "2018.01.28"]
[Round "1"]
[White "Apdash"]
[Black "Aperturaf"]
[WhiteElo "2330"]
[BlackElo "2670"]
[Result "0-1"]
[Round "1"]
1.e4 e6
2.d4 d5
3.exd5 exd5
4.Ng1f3 Bc8g4
5.h3 Bg4h5
6.Bc1e3 Nb8d7
7.c4 Bf8b4
8.Nb1c3 Ng8f6
9.Qd1b3 Bb4xc3
10.bxc3 Bh5xf3
11.gxf3 dxc4
12.Bf1xc4 O-O
13.Rh1g1 Nd7b6
14.O-O-O Nb6xc4
15.Qb3xc4 g6
16.f4 b5
17.Qc4b3 Qd8d7
18.Rg1g5 Qd7xh3
19.f5 Nf6e4
20.Rd1g1 Ne4xg5
21.Rg1xg5 Kh8
22.Qb3d5 Ra8d8
23.Qd5c6 Qh3f1
24.Kb2 f6
25.Rg5g3 g5
26.Qc6xc7 Rd8c8
27.Qc7a5 b4
28.c4 Qf1e2
29.Ka1 Qe2d1
30.Kb2 Rc8xc4
{ resign }
0-1

[Event "1/4 Finale"]
[Site "www.chess-mail.com"]
[Date "2018.01.28"]
[Round "1"]
[White "Nimzo"]
[Black "Conde7"]
[WhiteElo "2870"]
[BlackElo "2850"]
[Result "1/2-1/2"]
[Round "1"]
1.d4 Ng8f6
2.c4 e6
3.Ng1f3 Bf8b4
4.Bc1d2 Bb4e7
5.Nb1c3 d5
6.Bd2f4 O-O
7.e3 Nb8d7
8.c5 Nf6h5
9.Bf1d3 Nh5xf4
10.exf4 b6
11.b4 a5
12.a3 c6
13.O-O Bc8a6
14.Bd3xa6 Ra8xa6
15.Qd1e2 Ra6a8
16.Nc3a4 Be7f6
17.Rf1b1 b5
18.Na4c3 Qd8c7
19.g3 g6
20.Kg2 Bf6g7
21.h4 h5
22.Qe2c2 a4
23.Nc3e2 Nd7f6
24.Nf3e5 Kh7
25.Rb1h1 Rf8h8
26.Ne2g1 Nf6g8
27.Ng1f3 Ng8h6
28.Nf3g5 Kg8
29.Ra1e1 Bg7xe5
30.fxe5 Kg7
31.Qc2d2 Qc7e7
32.Qd2f4 Kf8
33.f3 Ke8
34.g4 Kd7
35.Re1e2 Ra8f8
36.Rh1e1 Kc7
37.Kf2 Nh6g8
38.Qf4g3 Qe7d7
39.Re1f1 Ng8h6
40.Ke1 Nh6g8
41.Kd2 Ng8e7
42.Kc2 Kb7
43.Kb2 { draw }
1/2-1/2

[Event "Tourn. n9702"]
[Site "www.chess-mail.com"]
[Date "2018.01.29"]
[Round "1"]
[White "Mitja"]
[Black "Luban"]
[WhiteElo "2020"]
[BlackElo "2130"]
[Result "1-0"]
[Round "1"]
1.d4 d5
2.e3 c6
3.c3 Bc8f5
4.Bf1d3 Bf5xd3
5.Qd1xd3 Ng8f6
6.Ng1f3 Nb8d7
7.h3 Qd8c7
8.b3 e5
9.dxe5 Nd7xe5
10.Nf3xe5 Qc7xe5
11.Bc1b2 Bf8e7
12.Nb1d2 O-O
13.Nd2f3 Qe5c7
14.O-O Ra8c8
15.Ra1c1 Rf8d8
16.Rf1d1 Nf6e4
17.Qd3e2 Be7f6
18.Bb2a1 Qc7a5
19.Qe2e1 c5
20.Nf3h2 Bf6h4
21.g3 Bh4f6
22.Nh2g4 Qa5xa2
23.Ng4xf6 Ne4xf6
24.Rc1b1 Qa2a5
25.Qe1e2 Rd8e8
26.Qe2f3 Rc8d8
27.c4 Qa5b6
28.Ba1xf6 Qb6xf6
29.Qf3xf6 gxf6
30.Rd1xd5 Rd8xd5
31.cxd5 Re8d8
32.Rb1d1 Rd8d6
33.Kf1 f5
34.h4 Kg7
35.Ke2 Kf6
36.f4 a6
37.Kf3 b5
38.e4 fxe4
39.Kxe4 h5
40.Rd1c1 { resign }
1-0

[Event "Tourn. n9699"]
[Site "www.chess-mail.com"]
[Date "2018.01.29"]
[Round "1"]
[White "Begory"]
[Black "Pachi"]
[WhiteElo "1590"]
[BlackElo "1620"]
[Result "0-1"]
[Round "1"]
1.e4 e5
2.Bf1c4 c6
3.Ng1f3 d5
4.exd5 cxd5
5.Bc4b5 Bc8d7
6.Bb5xd7 Nb8xd7
7.O-O f6
8.Rf1e1 d4
9.d3 Bf8d6
10.c3 f5
11.cxd4 Ng8f6
12.dxe5 Bd6xe5
13.Nf3xe5 Qd8c7
14.Ne5g6 Kf7
15.Ng6xh8 Ra8xh8
16.Qd1b3 Kf8
17.Nb1c3 Nf6g4
18.g3 h6
19.Bc1f4 Qc7c5
20.Re1f1 g5
21.Qb3xb7 Nd7f6
22.Qb7b8 Kg7
23.Qb8b7 Kg6
24.Bf4d2 f4
25.Qb7b5 Qc5d4
26.Qb5c6 Qd4xd3
27.gxf4 Qd3xd2
28.fxg5 hxg5
29.Nc3e4 Qd2xb2
30.Ra1d1 Qb2e5
31.Ne4xf6 Qe5xh2
{ resign }
0-1

[Event "Tourn. n9642"]
[Site "www.chess-mail.com"]
[Date "2018.01.29"]
[Round "1"]
[White "Sahlapalat"]
[Black "Nulladies"]
[WhiteElo "1890"]
[BlackElo "1880"]
[Result "1-0"]
[Round "1"]
1.e4 c5
2.Ng1f3 g6
3.d4 cxd4
4.Nf3xd4 Nb8c6
5.Nd4xc6 bxc6
6.Bf1c4 e6
7.O-O Bc8b7
8.Rf1e1 Bf8g7
9.e5 f6
10.Bc1f4 Ng8e7
11.Nb1c3 Ne7d5
12.exf6 Bg7xf6
13.Nc3xd5 cxd5
14.Bc4xd5 Bb7xd5
15.Qd1xd5 O-O
16.Qd5d2 Bf6xb2
17.Ra1d1 Qd8f6
18.Bf4g5 Bb2c3
19.Bg5xf6 Bc3xd2
20.Rd1xd2 Rf8xf6
21.Rd2xd7  { time }
1-0

[Event "Tourn. n9701"]
[Site "www.chess-mail.com"]
[Date "2018.01.29"]
[Round "1"]
[White "Pachi"]
[Black "Dussek"]
[WhiteElo "1640"]
[BlackElo "1790"]
[Result "1-0"]
[Round "1"]
1.e4 c6
2.Ng1f3 d6
3.b3 e5
4.Bf1c4 b5
5.Bc4e2 Ng8f6
6.c4 b4
7.d3 Bf8e7
8.Bc1g5 Nb8d7
9.Bg5xf6 Nd7xf6
10.d4 exd4
11.Qd1xd4 c5
12.Qd4e3 O-O
13.e5 Nf6g4
14.Qe3e4 Bc8e6
15.h3 Ng4xe5
16.Nf3xe5 dxe5
17.Be2d3 Qd8d7
18.Qe4xh7 { resign }
1-0

[Event "Tourn. n9666"]
[Site "www.chess-mail.com"]
[Date "2018.01.29"]
[Round "1"]
[White "Hansen"]
[Black "Pachi"]
[WhiteElo "1520"]
[BlackElo "1590"]
[Result "0-1"]
[Round "1"]
1.e4 e5
2.Qd1h5 d6
3.Bf1c4 g6
4.Qh5f3 Ng8h6
5.d3 f5
6.h3 g5
7.Qf3h5 Kd7
8.Bc1xg5 Qd8e8
9.Qh5h4 fxe4
10.dxe4 Nb8c6
11.Nb1c3 Nc6d4
12.O-O-O b5
13.Bc4d5 c6
14.f4 cxd5
15.Nc3xd5 Bf8g7
16.Bg5f6 Qe8f7
17.fxe5 dxe5
18.c3 Nd4e6
19.Ng1f3 Bg7xf6
20.Nd5xf6 Ke7
21.Nf6xh7 Ke8
22.Nh7g5 Qf7f6
23.Rd1d5 Nh6f7
24.Qh4g3 Ne6xg5
25.Rh1f1 Ng5xe4
26.Qg3e1 Qf6h6
27.Kc2 Bc8f5
28.c4 Ne4d2
29.Kd1 Nd2xf1
30.Qe1xf1 Qh6f4
31.cxb5 Qf4a4
32.Ke2 Qa4c4
33.Kf2 Qc4xd5
34.g4 e4
35.Nf3h4 Rh8xh4
36.gxf5 Rh4f4
37.Kg2 Qd5d2
38.Kg1 Rf4xf1
{ resign }
0-1

[Event "Tourn. n9679"]
[Site "www.chess-mail.com"]
[Date "2018.01.29"]
[Round "1"]
[White "Francesco"]
[Black "Bigrezi"]
[WhiteElo "2140"]
[BlackElo "2250"]
[Result "0-1"]
[Round "1"]
1.e4 e5
2.Ng1f3 Nb8c6
3.Bf1b5 Ng8f6
4.O-O Nf6xe4
5.Rf1e1 Ne4d6
6.Bb5xc6 dxc6
7.Nf3xe5 Bf8e7
8.d4 O-O
9.c3 Rf8e8
10.Nb1d2 Be7f8
11.Nd2f3 f6
12.Ne5d3 Bc8f5
13.Bc1f4 Re8xe1
14.Nf3xe1 Qd8d7
15.Nd3c5 Qd7f7
16.Bf4xd6 cxd6
17.Nc5d3 Ra8e8
18.Ne1f3 d5
19.Qd1d2 Bf8d6
20.Ra1e1 b6
21.Nf3h4 Bf5xd3
22.Re1xe8 Qf7xe8
23.Qd2xd3 Qe8e1
24.Qd3f1 Bd6xh2
{ resign }
0-1

[Event "Match"]
[Site "www.echecsemail.com"]
[Date "2018.01.29"]
[Round "1"]
[White "Muderfuger"]
[Black "Begory"]
[WhiteElo "1499"]
[BlackElo "1570"]
[Result "1/2-1/2"]
[Round "1"]
1.e4 e5
2.Ng1f3 Nb8c6
3.Bf1c4 h6
4.O-O Bf8c5
5.Nb1c3 Ng8f6
6.d4 exd4
7.Nc3b5 a6
8.Nb5xd4 Bc5xd4
9.Nf3xd4 O-O
10.g4 Nf6xe4
11.Qd1e1 Nc6xd4
12.Qe1xe4 Nd4e6
13.f4 c6
14.Bc4d3 g6
15.f5 Ne6g5
16.Qe4d4 d5
17.b4 f6
18.fxg6 Kg7
19.h4 Ng5e6
20.Qd4f2 d4
21.g5 fxg5
22.Qf2h2 Rf8xf1
23.Kxf1 Qd8f6
24.Qh2f2 Qf6xf2
25.Kxf2 b5
26.hxg5 Ne6f4
27.Bd3e4 Bc8b7
28.Bc1b2 Ra8f8
29.Bb2xd4 Kg8
30.g7 Rf8f7
31.Ra1h1 Nf4e6
32.Ke1 Ne6xd4
33.c3 Nd4e6
34.gxh6 Ne6g5
35.h7 Ng5xh7
36.Be4xh7 Kxg7
37.Bh7d3 Kf8
38.a4 bxa4
39.Bd3c4 Rf7e7
40.Kd2 Re7c7
41.Rh1a1 Rc7d7
42.Kc2 Rd7h7
43.Ra1xa4 Rh7h4
{ draw }
1/2-1/2

[Event "Match"]
[Site "www.echecsemail.com"]
[Date "2018.01.29"]
[Round "1"]
[White "Bojan"]
[Black "Ssharp"]
[WhiteElo "1980"]
[BlackElo "2300"]
[Result "0-1"]
[Round "1"]
1.e4 e5
2.Ng1f3 Ng8f6
3.Nf3xe5 d6
4.Ne5xf7 Kxf7
5.Bf1c4 Bc8e6
6.Bc4xe6 Kxe6
7.Qd1f3 Nb8c6
8.c3 Bf8e7
9.d4 Kf7
10.Bc1e3 Rh8f8
11.Nb1d2 Kg8
12.Nd2c4 d5
13.Nc4d2 Nf6xe4
14.Qf3g4 Ne4xd2
15.Kxd2 Be7f6
16.Ra1e1 Qd8c8
17.Qg4g3 Qc8d7
18.b3 Ra8e8
19.Be3f4 Re8xe1
20.Rh1xe1 Nc6e7
21.h3 c6
22.Qg3h2 Ne7g6
23.Bf4e3 a5
24.g4 Ng6h4
25.Qh2g3 g5
26.f4 Qd7d6
27.Kc2 h6
28.Qg3f2 b5
29.f5 Rf8e8
30.Re1e2 Kf7
31.Kd3 b4
32.Be3d2 Re8xe2
33.Kxe2 Qd6e7
34.Kf1 Qe7e4
35.cxb4 Bf6xd4
36.Qf2g3 Qe4f3
37.Qg3xf3 Nh4xf3
38.Bd2c1 axb4
39.Kg2 Nf3e5
40.a3 bxa3
41.Bc1xa3 c5
42.Ba3c1 Kf6
43.Kg3 Bd4c3
44.Bc1e3 Bc3b4
45.h4 d4
{ resign }
0-1

[Event "Match"]
[Site "www.echecsemail.com"]
[Date "2018.01.29"]
[Round "1"]
[White "Traub"]
[Black "Ketchuplover"]
[WhiteElo "1450"]
[BlackElo "1960"]
[Result "0-1"]
[Round "1"]
1.d4 Ng8f6
2.c4 e6
3.Nb1c3 Bf8b4
4.a3 Bb4xc3
5.bxc3 h6
6.Qd1c2 O-O
7.e4 b6
8.Bf1d3 Kh8
9.Ng1e2 Bc8b7
10.f4 a5
11.d5 { time. }
0-1

[Event "Match"]
[Site "www.echecsemail.com"]
[Date "2018.01.29"]
[Round "1"]
[White "Azulmarino"]
[Black "Sagara1977"]
[WhiteElo "1510"]
[BlackElo "1570"]
[Result "1-0"]
[Round "1"]
1.e4 e5
2.Ng1f3 Qd8f6
3.Bf1e2 Ng8h6
4.h3 Nb8c6
5.a3 g5
6.g4 b5
7.b4 a5
8.Be2xb5 axb4
9.Bc1b2 bxa3
10.Bb2xa3 Nc6d4
11.Nf3xd4 exd4
12.Ba3b2 Bc8b7
13.Qd1e2 d3
14.Bb2xf6 dxe2
15.Bf6xh8 O-O-O
16.Bb5xe2 Bb7xe4
17.O-O Be4xc2
18.Be2f3 Bf8e7
19.Ra1a8 { resign }
1-0

[Event "Match"]
[Site "www.echecsemail.com"]
[Date "2018.01.29"]
[Round "1"]
[White "Mdesouza"]
[Black "Apdash"]
[WhiteElo "2300"]
[BlackElo "2310"]
[Result "1-0"]
[Round "1"]
1.Ng1f3 d5
2.g3 c6
3.Bf1g2 Nb8d7
4.d4 Ng8f6
5.O-O Qd8c7
6.Bc1f4 Qc7b6
7.b3 e6
8.Nb1d2 c5
9.c3 cxd4
10.cxd4 Nf6e4
11.Nd2xe4 dxe4
12.Nf3g5 f5
13.e3 Nd7f6
14.f3 h6
15.Ng5h3 Bc8d7
16.fxe4 Nf6g4
17.Nh3f2 Bd7b5
18.Nf2xg4 fxg4
19.Qd1xg4 Bb5xf1
20.Ra1xf1 Bf8e7
21.Qg4g6 Kd7
22.d5 Ra8f8
23.dxe6 Kc8
24.Qg6xg7 Qb6d8
25.Qg7c3 { resign }
1-0

[Event "1/32 Finale"]
[Site "www.chess-mail.com"]
[Date "2018.01.29"]
[Round "1"]
[White "Piriot"]
[Black "Gvladutz"]
[WhiteElo "2510"]
[BlackElo "2560"]
[Result "0-1"]
[Round "1"]
1.Ng1f3 d5
2.d4 Ng8f6
3.c4 e6
4.Nb1c3 Nb8d7
5.Bc1g5 Bf8b4
6.e3 c5
7.cxd5 exd5
8.Bf1d3 c4
9.Bd3f5 h6
10.Bg5h4 Nd7b6
11.Bf5xc8 Ra8xc8
12.O-O O-O
13.Nf3e5 Bb4xc3
14.bxc3 g5
15.Bh4g3 Qd8e8
16.f3 Nf6h5
17.Bg3f2 Nb6d7
18.Rf1e1 f5
19.a4 Rc8d8
20.f4 Nh5f6
21.Qd1b1 Rd8b8
22.fxg5 Nd7xe5
23.gxf6 Ne5d3
24.Bf2g3 Rb8d8
25.Re1e2 Rf8xf6
26.Qb1f1 Qe8e4
27.Ra1b1 b6
28.Qf1f3 Rd8e8
29.Qf3xe4 Re8xe4
30.Rb1f1 f4
31.Rf1f3 Kg7
32.Bg3f2 a6
33.Kf1 b5
34.axb5 axb5
35.exf4 Rf6a6
36.Rf3e3 Ra6a1
37.Bf2e1 Re4xf4
38.Re3f3 Rf4xf3
39.gxf3 Kf6
40.h4 Kf5
{ resign }
0-1

[Event "Tourn. n9694"]
[Site "www.chess-mail.com"]
[Date "2018.01.30"]
[Round "1"]
[White "Jazzy"]
[Black "Paulsyd"]
[WhiteElo "2260"]
[BlackElo "2420"]
[Result "0-1"]
[Round "1"]
1.d4 Ng8f6
2.c4 g6
3.Ng1f3 Bf8g7
4.Nb1c3 d5
5.Bc1g5 Nf6e4
6.e3 Ne4xg5
7.Nf3xg5 e5
8.Ng5f3 exd4
9.Nf3xd4 c5
10.Nd4f3 d4
11.Nc3d5 dxe3
12.Qd1e2 Qd8a5
13.Nf3d2 Qa5xd2
14.Qe2xd2 exd2
15.Kxd2 Nb8a6
16.Kc2 Bc8e6
17.Ra1e1 O-O-O
{ resign }
0-1

[Event "Tourn. n9631"]
[Site "www.chess-mail.com"]
[Date "2018.01.30"]
[Round "1"]
[White "Cal"]
[Black "Sahlapalat"]
[WhiteElo "1680"]
[BlackElo "1749"]
[Result "0-1"]
[Round "1"]
1.c4 c5
2.h3 Ng8f6
3.e4 Nb8c6
4.d3 d6
5.a3 g6
6.Bc1g5 Bf8g7
7.Nb1c3 O-O
8.Ng1f3 a6
9.Bf1e2 Ra8b8
10.O-O b5
11.cxb5 axb5
12.b3 Bc8e6
13.Qd1d2 Be6xb3
14.Be2d1 Bb3xd1
15.Nc3xd1 Nf6xe4
16.dxe4 Bg7xa1
17.Nd1c3 Ba1xc3
18.Qd2xc3 f6
19.Bg5e3 Qd8a5
20.Qc3b2 b4
21.Be3d2 Qa5xa3
22.Qb2c2 b3
23.Qc2c4 Kg7
24.Bd2c3 b2
25.Bc3xb2 Rb8xb2
26.h4 Qa3b3
27.Qc4a6 Qb3b7
28.Qa6c4 Nc6e5
29.Qc4e6 Qb7d7
30.Qe6d5 Ne5xf3
31.gxf3 Rf8b8
32.Kg2 e6
33.Qd5c4 Rb8b4
34.Qc4c3 Kf7
35.f4 Qd7b7
36.Qc3f3 Qb7xe4
37.Rf1d1 d5
38.Qf3xe4 Rb4xe4
39.Kg3 Re4e2
{ resign }
0-1

[Event "Tourn. n9667"]
[Site "www.chess-mail.com"]
[Date "2018.01.30"]
[Round "1"]
[White "Apdash"]
[Black "Bevittsmith"]
[WhiteElo "2260"]
[BlackElo "2230"]
[Result "1-0"]
[Round "1"]
1.d4 Ng8f6
2.c4 g6
3.Nb1c3 d5
4.Ng1f3 Bf8g7
5.cxd5 Nf6xd5
6.e4 Nd5xc3
7.bxc3 c5
8.Bf1b5 Bc8d7
9.Bb5xd7 Qd8xd7
10.Bc1e3 cxd4
11.Be3xd4 O-O
12.O-O Bg7xd4
13.cxd4 Rf8c8
14.Qd1d2 Nb8a6
15.Nf3e5 Qd7d6
16.Ra1d1 Rc8c7
17.Ne5f3 Kg7
18.d5 Ra8d8
19.Qd2d4 Kg8
20.Qd4xa7 Qd6c5
21.Qa7xc5 Rc7xc5
22.Rd1b1 b5
23.Nf3d4 e6
24.Rb1xb5 Rc5xb5
25.Nd4xb5 exd5
26.Rf1d1 Na6b4
27.a3 Nb4c6
28.exd5 Kf8
29.d6 Ke8
30.f4 f5
31.Kf2 Kd7
32.Ke3 Rd8e8
33.Kd3 Re8e4
34.g3 Nc6d8
35.Rd1c1 Nd8e6
36.Rc1c2 { resign }
1-0